ha-Moḳesh : (Record no. 31983)

MARC details
000 -LEADER
fixed length control field 00523cam a22002051 4500
001 - CONTROL NUMBER
control field he 66001748
003 - CONTROL NUMBER IDENTIFIER
control field DLC
005 - DATE AND TIME OF LATEST TRANSACTION
control field 20260227111441.0
008 - FIXED-LENGTH DATA ELEMENTS--GENERAL INFORMATION
fixed length control field 840321s1966 is 000 1 heb
010 ## - LIBRARY OF CONGRESS CONTROL NUMBER
LC control number he 66001748
035 ## - SYSTEM CONTROL NUMBER
System control number (OCoLC)19140558
040 ## - CATALOGING SOURCE
Original cataloging agency DLC
Transcribing agency MH
Modifying agency CU
-- DLC
042 ## - AUTHENTICATION CODE
Authentication code premarc
050 00 - LIBRARY OF CONGRESS CALL NUMBER
Classification number PJ5054.P33
Item number M6
100 1# - MAIN ENTRY--PERSONAL NAME
Personal name Paska, Avraham.
245 13 - TITLE STATEMENT
Title ha-Moḳesh :
Remainder of title sipur.
260 ## - PUBLICATION, DISTRIBUTION, ETC.
Place of publication, distribution, etc. [Tel Aviv] :
Name of publisher, distributor, etc. Maḥbarot le-sifrut,
Date of publication, distribution, etc. [1966]
300 ## - PHYSICAL DESCRIPTION
Extent 171 p. ;
Dimensions 22 cm.
752 ## - ADDED ENTRY--HIERARCHICAL PLACE NAME
Country or larger entity Israel
City Tel Aviv

No items available.

Powered by Koha